Fleet - Asia.com directory : Malaysia/ Singapore 2012/ 2013.
| Format: | Book |
|---|---|
| Published: |
Petaling Jaya:
Vision Media Channel,
2012.
|
| Subjects: |
| LEADER | 00540cam a2200157 7i4500 | ||
|---|---|---|---|
| 001 | 0000029991 | ||
| 005 | 20130924090000.0 | ||
| 020 | 0 | 0 | |a 9771985263001 |
| 090 | 0 | 0 | |a M 629.22205 |b FLE |
| 245 | 0 | 0 | |a Fleet - Asia.com directory : |b Malaysia/ Singapore 2012/ 2013. |
| 260 | 0 | 0 | |a Petaling Jaya: |b Vision Media Channel, |c 2012. |
| 300 | # | # | |a 80 p. |
| 650 | 0 | 0 | |a Automobiles -- |x Directories -- |z Malaysia |
| 650 | 0 | 0 | |a Commercial vehicles -- |x Directories -- |z Malaysia |
| 651 | 0 | 0 | |a Malaysia |
| 999 | |a B000033234 |b Directories |c Malaysia |e Business Information Centre | ||


